[Event "LAT-ch"]
[Site "Riga"]
[Date "2023.05.01"]
[Round "4"]
[White "Alainis, Artis"]
[Black "Vingris, Mikelis"]
[Result "0-1"]
[WhiteElo "1847"]
[BlackElo "2051"]
[PlyCount "130"]
[EventDate "2023.04.29"]
[EventType "swiss"]
[EventRounds "9"]
[EventCountry "LAT"]
[SourceTitle "EXT 2024"]
[Source "ChessBase"]
[SourceDate "2023.10.10"]
[SourceVersion "1"]
[SourceVersionDate "2023.10.10"]
[SourceQuality "1"]

1. e4 c5 2. Nf3 Nc6 3. Bb5 e5 4. 0-0 Bd6 5. c3 a6 6. Bxc6 dxc6 7. d4 exd4 8. cxd4 Bg4 9. dxc5 Bxc5 10. Qb3 Qb6 11. Qc3 Bxf3 12. Qxf3 Ne7 13. Nd2 Ng6 14. Qg3 0-0 15. h4 h5 16. Qg5 Be7 17. Qxh5 Bxh4 18. Nf3 Bf6 19. Qh2 Rfe8 20. Re1 Rad8 21. Bf4 Qxb2 22. e5 Be7 23. Be3 Qc2 24. Rab1 b5 25. Rbc1 Qf5 26. Bb6 Rd5 27. Nd4 Qg4 28. Nxc6 Bg5 29. Be3 Bxe3 30. Rxe3 Nf4 31. f3 Qg5 32. Kh1 Nxg2 33. f4 Nxf4 34. Rf3 Ng6 35. Rg1 Qh4 36. Rfg3 Qxh2+ 37. Kxh2 Rd2+ 38. Kh1 Rxa2 39. Rd1 Rc2 40. Nb4 Rc4 41. Nd5 Rh4+ 42. Kg1 Rxe5 43. Nc3 b4 44. Rd8+ Kh7 45. Nd5 Nf4 46. Nxf4 Rxf4 47. Rd6 Rf6 48. Rh3+ Kg6 49. Rd4 Rg5+ 50. Kh2 a5 51. Rc4 Rh5 52. Rxh5 Kxh5 53. Rc5+ g5 54. Rxa5 Rb6 55. Ra2 b3 56. Rb2 Kh4 57. Kg2 g4 58. Kh2 f5 59. Kg2 f4 60. Kf2 Kh3 61. Rb1 Kh4 62. Rb2 f3 63. Kg1 g3 64. Kf1 Rc6 65. Rb1 b2 0-1

[Event "LAT-ch"]
[Site "Riga"]
[Date "2021.09.17"]
[Round "1"]
[White "Jankovskis, Guntis"]
[Black "Alainis, Artis"]
[Result "1-0"]
[WhiteElo "2260"]
[BlackElo "1841"]
[PlyCount "155"]
[EventDate "2021.09.17"]
[EventType "swiss"]
[EventRounds "8"]
[EventCountry "LAT"]
[SourceTitle "EXT 2022"]
[Source "ChessBase"]
[SourceDate "2021.10.06"]
[SourceVersion "1"]
[SourceVersionDate "2021.10.06"]
[SourceQuality "1"]

1. d4 d5 2. c4 c6 3. Nf3 Nf6 4. cxd5 cxd5 5. Nc3 Nc6 6. Bf4 a6 7. Ne5 Qb6 8. Nxc6 bxc6 9. Qd2 e6 10. e3 Bd7 11. Be2 c5 12. Be5 cxd4 13. Bxd4 Bc5 14. Bxc5 Qxc5 15. Rc1 Qd6 16. 0-0 0-0 17. Rfd1 Qe5 18. Qd4 Qxd4 19. Rxd4 Rfc8 20. f3 Rab8 21. Rd2 a5 22. Rdc2 a4 23. Ba6 Rc5 24. Nd1 Ra5 25. Bd3 Kf8 26. Rc5 Raa8 27. g4 h6 28. h4 Ke7 29. g5 hxg5 30. hxg5 Ne8 31. e4 dxe4 32. Bxe4 Ra6 33. R1c2 Rab6 34. Kf2 Rd8 35. Ne3 Nd6 36. Bd3 Rdb8 37. Nd1 Rb4 38. Ra5 R8b7 39. Ke3 g6 40. Rac5 Kd8 41. Be4 Nxe4 42. fxe4 Ke7 43. a3 Rb3+ 44. Kf4 Rd3 45. Nc3 Rh3 46. Ra5 f6 47. gxf6+ Kxf6 48. e5+ Kf7 49. Kg4 Rh5 50. Ne4 Ke7 51. Nf6 Rh1 52. Nxd7 Rxd7 53. Rxa4 Re1 54. Kf4 g5+ 55. Kxg5 Rxe5+ 56. Kf4 Rdd5 57. Re4 Rh5 58. Rce2 Kf7 59. Kg3 Rh6 60. R2e3 Ke7 61. b4 Rf5 62. a4 Rf1 63. Kg2 Ra1 64. a5 Rg6+ 65. Kf2 Kd6 66. Rd3+ Kc6 67. Re2 Kb5 68. Rd4 Ra3 69. Re5+ Kc6 70. b5+ Kb7 71. a6+ Kc7 72. Re3 Ra2+ 73. Kf3 Ra5 74. Rb3 e5 75. Rd5 Rgxa6 76. Rc3+ Kb6 77. Rc6+ Kb7 78. Rxa6 1-0

[Event "EU-ch Online U18"]
[Site "Tornelo INT"]
[Date "2020.09.20"]
[Round "8"]
[White "Alainis, Artis"]
[Black "Angelovic, Adrian"]
[Result "1/2-1/2"]
[WhiteElo "1919"]
[BlackElo "1994"]
[PlyCount "137"]
[EventDate "2020.09.18"]
[EventType "swiss (rapid)"]
[EventRounds "9"]
[EventCountry "ENG"]
[SourceTitle "CBM 198 Extra"]
[Source "ChessBase"]
[SourceDate "2020.11.30"]
[SourceVersion "1"]
[SourceVersionDate "2020.11.30"]
[SourceQuality "1"]

1. e4 e6 2. d3 d5 3. Nd2 c5 4. Ngf3 Nf6 5. g3 Nc6 6. Bg2 Qc7 7. 0-0 Bd6 8. exd5 exd5 9. Re1+ Be7 10. Nb3 0-0 11. Be3 b6 12. a4 Bb7 13. a5 Rfe8 14. a6 Bc8 15. Bg5 Be6 16. d4 c4 17. Nbd2 c3 18. bxc3 Na5 19. Nb3 Nc4 20. Bf4 Qc8 21. Ne5 Nd7 22. Nxc4 Qxc4 23. Bd2 Nb8 24. Nc1 Qc8 25. Qh5 Rd8 26. Qe2 Nc6 27. Nd3 Na5 28. Ne5 Bf6 29. c4 Nxc4 30. Nxc4 dxc4 31. Bxa8 Qxa8 32. c3 Bd5 33. f4 b5 34. Qf2 Be4 35. Be3 h6 36. Ra2 Qc6 37. g4 Qd5 38. g5 hxg5 39. fxg5 Bxg5 40. Bxg5 Qxg5+ 41. Qg3 Qxg3+ 42. hxg3 f5 43. Rb2 Rd5 44. Ra1 Kh7 45. Ra5 b4 46. Rxd5 bxc3 47. Rdb5 cxb2 48. Rxb2 c3 49. Ra2 c2 50. Ra1 Kg6 51. Kf2 Kf6 52. Ke3 Ke6 53. Kd2 Kd5 54. Ra4 Kc6 55. Rb4 Kc7 56. Rb2 g5 57. Rb5 g4 58. Rb4 Kc6 59. Rb7 f4 60. gxf4 g3 61. Re7 g2 62. Rg7 Kd6 63. f5 Kd5 64. f6 Ke6 65. f7 Ke7 66. d5 Kf8 67. Rg3 Kxf7 68. d6 Ke6 69. Rxg2 1/2-1/2

[Event "EU-ch Online U18"]
[Site "Tornelo INT"]
[Date "2020.09.20"]
[Round "7"]
[White "Alainis, Artis"]
[Black "Vantorre, Nils"]
[Result "1-0"]
[WhiteElo "1919"]
[BlackElo "1652"]
[PlyCount "61"]
[EventDate "2020.09.18"]
[EventType "swiss (rapid)"]
[EventRounds "9"]
[EventCountry "ENG"]
[SourceTitle "CBM 198 Extra"]
[Source "ChessBase"]
[SourceDate "2020.11.30"]
[SourceVersion "1"]
[SourceVersionDate "2020.11.30"]
[SourceQuality "1"]

1. e4 c5 2. Nf3 d6 3. Bb5+ Nc6 4. Bxc6+ bxc6 5. 0-0 e5 6. c3 Ba6 7. Re1 Bd3 8. Re3 Ba6 9. d4 cxd4 10. cxd4 exd4 11. Nxd4 Qb6 12. Nf5 Rd8 13. b3 g6 14. Bb2 f6 15. Nd4 Bh6 16. Rf3 Ke7 17. Nc3 Bg7 18. Rc1 Bb7 19. Qe2 Ba6 20. Qe1 Bb7 21. g4 Nh6 22. g5 fxg5 23. Nd5+ cxd5 24. exd5+ Be5 25. Nc6+ Bxc6 26. Rxc6 Qb8 27. Bxe5 dxe5 28. Qc3 Rxd5 29. Rff6 Rhd8 30. Rce6+ Kd7 31. Qc6# 1-0

[Event "EU-ch Online U18"]
[Site "Tornelo INT"]
[Date "2020.09.19"]
[Round "5"]
[White "Beddoe, Joseph"]
[Black "Alainis, Artis"]
[Result "0-1"]
[WhiteElo "1541"]
[BlackElo "1919"]
[PlyCount "72"]
[EventDate "2020.09.18"]
[EventType "swiss (rapid)"]
[EventRounds "9"]
[EventCountry "ENG"]
[SourceTitle "CBM 198 Extra"]
[Source "ChessBase"]
[SourceDate "2020.11.30"]
[SourceVersion "1"]
[SourceVersionDate "2020.11.30"]
[SourceQuality "1"]

1. d4 d5 2. Nc3 Nf6 3. Bf4 Bf5 4. e3 e6 5. f3 Bd6 6. g4 Bxf4 7. exf4 Bg6 8. h4 h5 9. g5 Ng8 10. Bd3 Ne7 11. Nh3 Nf5 12. Ne2 Nc6 13. c3 Nce7 14. Qb3 c6 15. 0-0-0 Qc7 16. Rhg1 Nxh4 17. Bxg6 Nhxg6 18. Rde1 0-0-0 19. Qa3 Kb8 20. Kb1 Nf5 21. Rh1 Nfh4 22. Ref1 Ng2 23. f5 exf5 24. Rhg1 Ne3 25. Re1 f4 26. Ng3 Nc4 27. Qc5 fxg3 28. b3 Nd2+ 29. Kc2 Nxf3 30. Ref1 Nxg1 31. Nxg1 Rhe8 32. Kd2 h4 33. c4 dxc4 34. Qxc4 Rd7 35. a4 Red8 36. Ne2 g2 0-1

[Event "EU-ch Online U18"]
[Site "Tornelo INT"]
[Date "2020.09.18"]
[Round "3"]
[White "Alainis, Artis"]
[Black "Coates, Sam"]
[Result "1-0"]
[WhiteElo "1919"]
[BlackElo "1589"]
[PlyCount "93"]
[EventDate "2020.09.18"]
[EventType "swiss (rapid)"]
[EventRounds "9"]
[EventCountry "ENG"]
[SourceTitle "CBM 198 Extra"]
[Source "ChessBase"]
[SourceDate "2020.11.30"]
[SourceVersion "1"]
[SourceVersionDate "2020.11.30"]
[SourceQuality "1"]

1. e4 c6 2. d4 d5 3. exd5 cxd5 4. Bd3 Nc6 5. c3 Nf6 6. Ne2 g6 7. 0-0 Bg7 8. Nd2 0-0 9. h3 Bf5 10. Bxf5 gxf5 11. Nf3 e6 12. Bg5 Qb6 13. Qc1 Kh8 14. Bh6 Rg8 15. Bxg7+ Rxg7 16. Nf4 Rag8 17. a4 Ne4 18. b4 Qc7 19. Kh1 Qd6 20. Qe3 f6 21. Rad1 Ne7 22. Nh4 e5 23. Ne2 Qe6 24. Qf3 f4 25. c4 Ng5 26. Qc3 dxc4 27. dxe5 fxe5 28. Rd2 Ne4 29. Qc2 Nxd2 30. Qxd2 Nf5 31. Nxf5 Qxf5 32. Qc3 Rxg2 33. Ng1 R2g7 34. Re1 Re8 35. Kh2 e4 36. Nf3 Qf8 37. Nh4 Qg8 38. Nf5 h5 39. Rg1 Ree7 40. Nxe7 Qf7 41. Nf5 Kh7 42. Qxg7+ Qxg7 43. Rxg7+ Kh8 44. Rxb7 e3 45. fxe3 fxe3 46. Nxe3 c3 47. Rc7 1-0

[Event "Panevezys op-A"]
[Site "Panevezys"]
[Date "2019.06.26"]
[Round "5"]
[White "Butvilas, Aistis"]
[Black "Alainis, Artis"]
[Result "1-0"]
[WhiteElo "2061"]
[BlackElo "1768"]
[PlyCount "85"]
[EventDate "2019.06.24"]
[EventType "swiss"]
[EventRounds "9"]
[EventCountry "LTU"]
[SourceTitle "CBM 191 Extra"]
[Source "ChessBase"]
[SourceDate "2019.09.30"]
[SourceVersion "1"]
[SourceVersionDate "2019.09.30"]
[SourceQuality "1"]

1. d4 d5 2. c4 e6 3. Nc3 Be7 4. cxd5 exd5 5. Nf3 Nf6 6. Bg5 0-0 7. e3 c6 8. Qc2 Ne4 9. Bxe7 Qxe7 10. Bd3 f5 11. Ne5 Nd7 12. Nxd7 Bxd7 13. 0-0 Rf6 14. Rfe1 Re6 15. f3 Nd6 16. e4 fxe4 17. fxe4 dxe4 18. Bxe4 Kh8 19. Re2 Nxe4 20. Rxe4 Rf8 21. Rae1 Qf7 22. Rxe6 Bxe6 23. b3 h6 24. Qd2 Rd8 25. Qe3 Qd7 26. Qxe6 Qxd4+ 27. Qe3 Qg4 28. Qe4 Qh5 29. Qe5 Qg4 30. Re4 Qd7 31. Qg3 Rf8 32. Qe1 Kh7 33. Re7 Qd8 34. Qe5 Qb6+ 35. Qe3 Qd8 36. h3 b5 37. Qe5 Rg8 38. Ne4 Kh8 39. Nd6 Qb6+ 40. Kh1 Qb8 41. Nf7+ Kh7 42. Qe4+ g6 43. Ng5+ 1-0

[Event "Baltija Cup 16th"]
[Site "Palanga"]
[Date "2019.06.18"]
[Round "2"]
[White "Alainis, Artis"]
[Black "Butvilas, Aistis"]
[Result "0-1"]
[WhiteElo "1768"]
[BlackElo "2061"]
[PlyCount "86"]
[EventDate "2019.06.17"]
[EventType "swiss"]
[EventRounds "7"]
[EventCountry "LTU"]
[SourceTitle "CBM 191 Extra"]
[Source "ChessBase"]
[SourceDate "2019.09.30"]
[SourceVersion "1"]
[SourceVersionDate "2019.09.30"]
[SourceQuality "1"]

1. e4 c5 2. Nf3 Nc6 3. Bb5 g6 4. Bxc6 bxc6 5. d3 Bg7 6. 0-0 e5 7. c4 d6 8. Nc3 Ne7 9. Qa4 a5 10. Ne1 0-0 11. f4 Rb8 12. fxe5 Bxe5 13. Nf3 Bg7 14. Qc2 Be6 15. Be3 f6 16. Rf2 Qd7 17. Raf1 Kh8 18. b3 Ng8 19. Qd2 Qe7 20. Rd1 Rfd8 21. Na4 Ra8 22. h3 f5 23. exf5 Bxf5 24. Re1 Qb7 25. g4 Bc8 26. d4 cxd4 27. Nxd4 c5 28. Bg5 Bxd4 29. Bxd8 Bxg4 30. Re8 Rxd8 31. Rxd8 Bxh3 32. Kh2 Be5+ 33. Kg1 Bd4 34. Qg5 Qf3 35. Rxg8+ Kxg8 36. Qd8+ Kf7 37. Qc7+ Ke8 38. Qb8+ Ke7 39. Qc7+ Bd7 40. Nxc5 Bxf2+ 41. Kf1 Bg3+ 42. Kg1 Qf2+ 43. Kh1 Qh2# 0-1

[Event "LAT-chT"]
[Site "Riga"]
[Date "2018.12.16"]
[Round "11.4"]
[White "Sveshnikov, Vladimir"]
[Black "Alainis, Artis"]
[Result "1-0"]
[WhiteElo "2387"]
[BlackElo "1861"]
[PlyCount "101"]
[EventDate "2018.06.09"]
[EventType "team-tourn"]
[EventRounds "11"]
[EventCountry "LAT"]
[SourceTitle "CBM 189 Extra"]
[Source "ChessBase"]
[SourceDate "2019.06.03"]
[SourceVersion "1"]
[SourceVersionDate "2019.06.03"]
[SourceQuality "1"]
[WhiteTeam "Termo Eko/RSF"]
[BlackTeam "Rigas Saha School Nakotne"]
[WhiteTeamCountry "LAT"]
[BlackTeamCountry "LAT"]

1. e4 c6 2. Nc3 d5 3. Nf3 dxe4 4. Nxe4 Bg4 5. h3 Bxf3 6. Qxf3 Nd7 7. g3 e6 8. Bg2 Qc7 9. 0-0 Ne5 10. Qe2 0-0-0 11. d4 Rxd4 12. Be3 Rd8 13. Bxa7 b6 14. Qa6+ Qb7 15. Qxb6 Nc4 16. Qxb7+ Kxb7 17. Bc5 Bxc5 18. Nxc5+ Kb6 19. Nd3 Nf6 20. a4 e5 21. a5+ Kb5 22. b3 Nxa5 23. Nxe5 Rhe8 24. c4+ Kb6 25. Rxa5 Kxa5 26. Nxc6+ Kb6 27. Nxd8 Rxd8 28. b4 Rd2 29. Rc1 Rb2 30. c5+ Kc7 31. Rc4 g5 32. Bf3 h5 33. Kg2 g4 34. hxg4 hxg4 35. Bxg4 Nd5 36. Rd4 Nxb4 37. Bf3 f5 38. c6 Nc2 39. Rd7+ Kc8 40. Kf1 Rb1+ 41. Ke2 Re1+ 42. Kd3 Rf1 43. Rb7 Rxf2 44. Bd5 Ne1+ 45. Ke3 Rc2 46. Rb1 Rc3+ 47. Kd4 Rd3+ 48. Kc5 Re3 49. Kd6 Nc2 50. c7 Rxg3 51. Be6# 1-0

[Event "EU-ch U16 28th"]
[Site "Riga"]
[Date "2018.08.21"]
[Round "2"]
[White "Alainis, Artis"]
[Black "Tarasevich, Mikhail"]
[Result "0-1"]
[WhiteElo "1780"]
[BlackElo "2034"]
[PlyCount "92"]
[EventDate "2018.08.20"]
[EventType "swiss"]
[EventRounds "9"]
[EventCountry "LAT"]
[SourceTitle "CBM 186 Extra"]
[Source "ChessBase"]
[SourceDate "2018.08.24"]
[SourceVersion "1"]
[SourceVersionDate "2018.08.24"]
[SourceQuality "1"]

1. e4 e6 2. d4 d5 3. exd5 Qxd5 4. c4 Bb4+ 5. Nc3 Bxc3+ 6. bxc3 Qa5 7. Bd2 Nf6 8. Nf3 Nbd7 9. Bd3 c5 10. 0-0 Qc7 11. Re1 0-0 12. Ng5 b6 13. Re3 Bb7 14. Rh3 g6 15. Nxh7 Nxh7 16. Qg4 Ndf6 17. Qh4 cxd4 18. cxd4 e5 19. Bg5 Nh5 20. Bh6 Rfe8 21. g4 e4 22. Be2 Bc8 23. Re3 N5f6 24. g5 Nh5 25. Bxh5 gxh5 26. Qxh5 Bf5 27. Rc1 Rad8 28. Rg3 Bg6 29. Qd1 Qf4 30. Rg4 Qd6 31. d5 Qe5 32. Rg3 b5 33. cxb5 Rxd5 34. Qe2 Qf4 35. Qb2 Qe5 36. Qxe5 Rdxe5 37. a4 Nf8 38. Rc7 Ne6 39. Rxa7 Rc8 40. h4 Nd4 41. b6 Ne2+ 42. Kg2 Nxg3 43. Kxg3 e3 44. fxe3 Rxe3+ 45. Kf2 Rb3 46. Ke2 Rc2+ 0-1

[Event "Panevezys op-B"]
[Site "Panevezys"]
[Date "2017.07.06"]
[Round "5"]
[White "Alainis, Artis"]
[Black "Kalvis, Stepas"]
[Result "1-0"]
[WhiteElo "1658"]
[BlackElo "1694"]
[PlyCount "37"]
[EventDate "2017.07.03"]
[EventType "swiss"]
[EventRounds "9"]
[EventCountry "LTU"]
[SourceTitle "EXT 2018"]
[Source "ChessBase"]
[SourceDate "2017.10.13"]
[SourceVersion "1"]
[SourceVersionDate "2017.10.13"]
[SourceQuality "1"]

1. e4 d6 2. d4 g6 3. Nf3 Bg7 4. Bc4 c6 5. Nc3 e6 6. Bg5 Qb6 7. Bb3 Qa6 8. e5 d5 9. Qd2 Nd7 10. Qe3 b6 11. Ba4 Bb7 12. a3 Rc8 13. b4 b5 14. Bb3 Qb6 15. 0-0 a5 16. h4 h6 17. Bf4 Ne7 18. Ne2 Nf5 19. Qd2 1-0

[Event "Panevezys op-B"]
[Site "Panevezys"]
[Date "2017.07.05"]
[Round "4"]
[White "Shchedrova, Tatiana"]
[Black "Alainis, Artis"]
[Result "1-0"]
[WhiteElo "1583"]
[BlackElo "1658"]
[PlyCount "104"]
[EventDate "2017.07.03"]
[EventType "swiss"]
[EventRounds "9"]
[EventCountry "LTU"]
[SourceTitle "EXT 2018"]
[Source "ChessBase"]
[SourceDate "2017.10.13"]
[SourceVersion "1"]
[SourceVersionDate "2017.10.13"]
[SourceQuality "1"]

1. e4 c6 2. d4 d5 3. exd5 cxd5 4. Bd3 Nf6 5. c3 Bg4 6. Qb3 Qd7 7. Bf4 Nc6 8. Nd2 e6 9. Ngf3 Na5 10. Qb5 Nc6 11. 0-0 a6 12. Qb3 Be7 13. Ne5 Nxe5 14. Bxe5 0-0 15. Qc2 Kh8 16. a3 Rac8 17. Rac1 Bh5 18. Bg3 Rc6 19. f4 Bd6 20. Nf3 Ng4 21. Rce1 Rb6 22. Ne5 Qc7 23. f5 Nxe5 24. Bxe5 exf5 25. Bxf5 Bxe5 26. Rxe5 Rd8 27. Rfe1 g6 28. Bh3 f5 29. Qd2 Qf7 30. Re7 Qf8 31. Qf4 h6 32. Qc7 Rxb2 33. Rf7 Qg8 34. Ree7 Rb1+ 35. Kf2 Rb2+ 36. Ke1 Re2+ 37. Rxe2 Bxe2 38. Rh7+ Qxh7 39. Qxd8+ Qg8 40. Qxg8+ Kxg8 41. Kxe2 Kf7 42. g3 Kf6 43. Bg2 Ke6 44. h4 g5 45. hxg5 hxg5 46. Ke3 b5 47. Bf1 Kd6 48. Kd3 Ke6 49. Kc2 Kd6 50. Kb3 g4 51. Kb4 f4 52. gxf4 Ke6 1-0

[Event "Panevezys op-B"]
[Site "Panevezys"]
[Date "2016.06.12"]
[Round "7"]
[White "Alainis, Artis"]
[Black "Zebelis, Rimantas"]
[Result "1-0"]
[WhiteElo "1717"]
[BlackElo "1734"]
[PlyCount "117"]
[EventDate "2016.06.09"]
[EventType "swiss"]
[EventRounds "7"]
[EventCountry "LTU"]
[SourceTitle "CBM 172 Extra"]
[Source "ChessBase"]
[SourceDate "2016.06.21"]
[SourceVersion "1"]
[SourceVersionDate "2016.06.21"]
[SourceQuality "1"]

1. e4 g6 2. d4 Bg7 3. Nf3 d6 4. Nc3 a6 5. Be2 Nd7 6. Be3 e6 7. Qd2 b5 8. Bg5 Ne7 9. 0-0-0 h6 10. Be3 Bb7 11. a3 Nf6 12. Bd3 Nd7 13. h3 c5 14. Be2 b4 15. axb4 cxb4 16. Na2 a5 17. Bd3 Qc7 18. Kb1 Ba6 19. Ne1 Bxd3 20. Nxd3 Nb6 21. b3 Nd7 22. Nb2 d5 23. e5 Nf5 24. Bf4 g5 25. Bh2 Nb8 26. g4 Ne7 27. Bg3 Ng6 28. f4 gxf4 29. Bxf4 Qe7 30. Bg3 Qg5 31. Qe2 0-0 32. h4 Qd8 33. h5 Ne7 34. Bh4 Qe8 35. g5 Nf5 36. Qd2 Kh7 37. Rdg1 Rg8 38. Nd1 Nc6 39. Ne3 Nce7 40. Ng4 Nxh4 41. gxh6 Bh8 42. Rxh4 Nf5 43. Rhh1 Qe7 44. Qd3 Rg5 45. Ne3 Rag8 46. Rf1 Qd7 47. Rh3 Kxh6 48. Nxf5+ Rxf5 49. Rxf5 exf5 50. Qa6+ Kh7 51. Qxa5 f4 52. Rf3 Rg1+ 53. Kb2 f6 54. exf6 Qf5 55. Nxb4 Bxf6 56. Qc7+ Bg7 57. Qxf4 Bxd4+ 58. Qxd4 Qxf3 59. Qxg1 1-0

[Event "Panevezys op-B"]
[Site "Panevezys"]
[Date "2016.06.09"]
[Round "1"]
[White "Dadurka, Povilas"]
[Black "Alainis, Artis"]
[Result "0-1"]
[WhiteElo "1352"]
[BlackElo "1717"]
[PlyCount "68"]
[EventDate "2016.06.09"]
[EventType "swiss"]
[EventRounds "7"]
[EventCountry "LTU"]
[SourceTitle "CBM 172 Extra"]
[Source "ChessBase"]
[SourceDate "2016.06.21"]
[SourceVersion "1"]
[SourceVersionDate "2016.06.21"]
[SourceQuality "1"]

1. Nf3 d5 2. g3 Nf6 3. Bg2 e6 4. 0-0 Be7 5. c4 0-0 6. cxd5 exd5 7. d3 b6 8. Ne5 Bb7 9. Nc3 c5 10. Qb3 Nc6 11. Nxd5 Nd4 12. Nxf6+ Bxf6 13. Nxf7 Nxe2+ 14. Kh1 Bxg2+ 15. Kxg2 Rxf7 16. Re1 Nd4 17. Qc4 Rc8 18. Bf4 b5 19. Qc1 Qd5+ 20. Re4 Re7 21. f3 Ne2 22. Qe3 Nxf4+ 23. gxf4 Rce8 24. Rc1 Qxa2 25. Qxc5 Qxb2+ 26. Rc2 Qb3 27. Rxe7 Rxe7 28. Qc8+ Kf7 29. d4 Qd3 30. Kg3 Qg6+ 31. Kh3 Qh6+ 32. Kg2 Qxf4 33. Qc5 Qg5+ 34. Qxg5 Bxg5 0-1